Statistics for Wii sports resort mii

Click here to take the quiz!

General Stats

  • This quiz has been taken 152 times
  • The average score is 8 of 12

Answer Stats

QuestionAnswer% Correct
Swordplay duel and speed slice championMatt
85%
Island flyover plane i point finderMiguel
83%
Table tennis championLucia
81%
The first person you would face in swordplay speed slice and duelRyan
80%
The basketball pick up or 3v3 championTommy
80%
With the champion[ from question 5]Tyrone
79%
Cycling coachVincenzo
79%
The first you would on table tennis matchCole
71%
Table tennis return serverGreg
71%
Cycling championAnna
54%
The second player you would face on swordplay duel if you were on level 100Mike
51%
Strongest MiiNelly
31%

Score Distribution

Percentile by Number Answered

Percent of People with Each Score

Your Score History

You have not taken this quiz